Veletucet : [144x Barták, Hrubý, Jiránek, Matuška, Nepraš, Renčín, Slíva v Technickém magazínu /

Další autoři: Petřík, Vladimír, 1942-2001
Jazyk: Čeština
Vydáno: Praha : Státní nakladatelství technické literatury, 1988
Vydání: 1. vyd.
Témata:
Externí odkaz: Digitalizovaný dokument
Fyzický popis: 189 s. : il. (některé barev.) ; 22 cm
Knihy
Uloženo v:
LEADER 01088nam a22003012a 4500
001 000829048
003 CZ BrMZK
005 20140217140501.0
007 ta
008 061017s1988 xr a er 000 0 cze d
015 |a cnb000043040 
035 |a (OCoLC)39427564 
040 |a BOA001  |b cze 
080 9 |a 008 
080 9 |a 62 
080 9 |a 741.5 
245 0 0 |a Veletucet :  |b [144x Barták, Hrubý, Jiránek, Matuška, Nepraš, Renčín, Slíva v Technickém magazínu /  |c uspořádal Vladimír Petřík] 
250 |a 1. vyd. 
260 |a Praha :  |b Státní nakladatelství technické literatury,  |c 1988 
300 |a 189 s. :  |b il. (některé barev.) ;  |c 22 cm 
500 |a 100000 výt. 
700 1 |a Petřík, Vladimír,  |d 1942-2001  |7 jk01092898  |4 com 
856 4 1 |u http://www.digitalniknihovna.cz/mzk/uuid/uuid:614ddca0-45eb-11e2-9b88-005056827e51  |y Digitalizovaný dokument  |x NDK 
910 |a BOA001  |b 2-0935.934 
964 |a Kresby humoristické české 
990 |a BK 
991 |b 200610 
996 6 |b 2619256087  |c 2-0935.934  |l MZK  |r Sklad / do 1 hodiny  |n 4  |w 000829048  |u 000010  |a 1  |e BOA001  |j MZK50  |s P